000
00268nam a2200109Ia 4500
008
200302s9999 xx 000 0 und d
100
_a
Claudia Conforti and Others
245
_a
Richard meier
260
_b
Santiago Calatrava Alvaro siza
260
_c
2009
300
_a
119
999
_c
6262
_d
6262